64_読みが5文字の市区町村(ひらがな対応・五十音順) - Statistics

General Stats
  • This quiz has been taken 120 times
  • The average score is 131 of 185
Answer Stats
文字数 種類 都道府県名 市区町村名 % Correct
5 静岡県 伊豆の国市
95%
5 東京都 小笠原村
95%
5 北海道 苫小牧市
95%
5 北海道 稚内市
95%
5 北海道 旭川市
93%
5 愛知県 一宮市
93%
5 千葉県 一宮町
93%
5 広島県 安芸高田市
91%
5 岩手県 一関市
91%
5 山梨県 上野原市
91%
5 新潟県 柏崎市
91%
5 秋田県 北秋田市
91%
5 山梨県 富士吉田市
91%
5 兵庫県 尼崎市
89%
5 宮城県 石巻市
89%
5 北海道 岩見沢市
89%
5 栃木県 宇都宮市
89%
5 山梨県 甲州市
89%
5 新潟県 上越市
89%
5 山形県 新庄市
89%
5 岡山県 新庄村
89%
5 特別区 東京都 中央区
89%
5 山梨県 中央市
89%
5 東京都 八王子市
89%
5 静岡県 富士宮市
89%
5 大阪府 泉佐野市
87%
5 新潟県 糸魚川市
87%
5 北海道 歌志内市
87%
5 山形県 上山市
87%
5 宮城県 気仙沼市
87%
5 愛媛県 西条市
87%
5 神奈川県 相模原市
87%
5 特別区 東京都 文京区
87%
5 愛知県 南知多町
87%
5 三重県 四日市市
87%
5 東京都 青ヶ島村
85%
5 島根県 隠岐の島町
85%
5 静岡県 御前崎市
85%
5 香川県 観音寺市
85%
5 愛知県 北名古屋市
85%
5 特別区 東京都 新宿区
85%
5 岐阜県 中津川市
85%
5 北海道 中富良野町
85%
5 兵庫県 西宮市
85%
5 広島県 安芸太田町
84%
5 岩手県 奥州市
84%
5 栃木県 大田原市
84%
5 北海道 上富良野町
84%
5 新潟県 三条市
84%
5 山口県 下関市
84%
5 新潟県 十日町市
84%
5 茨城県 ひたちなか市
84%
5 静岡県 南伊豆町
84%
5 沖縄県 宮古島市
84%
5 愛知県 安城市
82%
5 北海道 新ひだか町
82%
5 沖縄県 南城市
82%
5 岩手県 大船渡市
80%
5 山形県 尾花沢市
80%
5 東京都 神津島村
80%
5 福島県 郡山市
80%
5 東京都 国分寺市
80%
5 山口県 周南市
80%
5 香川県 善通寺市
80%
5 高知県 土佐清水市
80%
5 北海道 中標津町
80%
5 静岡県 牧之原市
80%
5 新潟県 妙高市
80%
5 宮城県 多賀城市
78%
5 埼玉県 所沢市
78%
5 福島県 二本松市
78%
5 東京都 八丈町
78%
5 京都府 福知山市
78%
5 和歌山県 有田川町
76%
5 沖縄県 豊見城市
76%
5 沖縄県 中城村
76%
5 富山県 滑川市
76%
5 広島県 廿日市市
76%
5 東京都 御蔵島村
76%
5 滋賀県 愛荘町
75%
5 長野県 軽井沢町
75%
5 北海道 登別市
75%
5 愛媛県 八幡浜市
75%
5 青森県 鰺ヶ沢町
73%
5 愛知県 蒲郡市
73%
5 静岡県 川根本町
73%
5 北海道 占冠村
73%
5 茨城県 常総市
73%
5 山形県 庄内町
73%
5 広島県 庄原市
73%
5 千葉県 袖ケ浦市
73%
5 群馬県 館林市
73%
5 静岡県 東伊豆町
73%
5 埼玉県 本庄市
73%
5 徳島県 吉野川市
73%
5 北海道 赤井川村
71%
5 北海道 上ノ国町
71%
5 茨城県 桜川市
71%
5 大阪府 藤井寺市
71%
5 滋賀県 竜王町
71%
5 青森県 六ヶ所村
71%
5 鹿児島県 枕崎市
69%
5 北海道 利尻富士町
69%
5 茨城県 大洗町
67%
5 秋田県 上小阿仁村
67%
5 栃木県 上三川町
67%
5 岩手県 平泉町
67%
5 熊本県 南阿蘇村
67%
5 新潟県 出雲崎町
65%
5 青森県 田舎館村
65%
5 京都府 宇治田原町
65%
5 福井県 永平寺町
65%
5 島根県 奥出雲町
65%
5 北海道 訓子府町
65%
5 徳島県 小松島市
65%
5 千葉県 流山市
65%
5 山梨県 山中湖村
65%
5 岩手県 岩泉町
64%
5 長野県 北相木村
64%
5 北海道 倶知安町
64%
5 北海道 新篠津村
64%
5 埼玉県 鶴ヶ島市
64%
5 静岡県 長泉町
64%
5 群馬県 長野原町
64%
5 福島県 檜枝岐村
64%
5 三重県 南伊勢町
64%
5 山形県 大石田町
62%
5 山口県 上関町
62%
5 北海道 神恵内村
62%
5 岩手県 雫石町
62%
5 京都府 城陽市
62%
5 青森県 外ヶ浜町
62%
5 千葉県 長生村
62%
5 福島県 西会津町
62%
5 北海道 東川町
62%
5 佐賀県 吉野ヶ里町
62%
5 福島県 猪苗代町
60%
5 北海道 上士幌町
60%
5 岐阜県 関ケ原町
60%
5 兵庫県 宝塚市
60%
5 北海道 秩父別町
60%
5 香川県 土庄町
60%
5 富山県 入善町
60%
5 北海道 幌加内町
60%
5 北海道 京極町
58%
5 徳島県 佐那河内村
58%
5 栃木県 高根沢町
58%
5 長野県 天龍村
58%
5 鹿児島県 南種子町
58%
5 群馬県 大泉町
56%
5 宮城県 大河原町
56%
5 兵庫県 上郡町
56%
5 宮城県 七ヶ浜町
56%
5 北海道 積丹町
56%
5 北海道 新冠町
56%
5 和歌山県 日高川町
56%
5 青森県 風間浦村
55%
5 和歌山県 上富田町
55%
5 千葉県 長南町
55%
5 島根県 西ノ島町
55%
5 愛知県 東浦町
55%
5 長野県 山ノ内町
55%
5 福島県 泉崎村
53%
5 青森県 板柳町
53%
5 千葉県 御宿町
53%
5 岩手県 金ケ崎町
53%
5 秋田県 五城目町
51%
5 青森県 中泊町
51%
5 奈良県 田原本町
49%
5 山形県 真室川町
49%
5 長野県 南牧村
49%
5 奈良県 広陵町
47%
5 鹿児島県 徳之島町
47%
5 山梨県 西桂町
47%
5 北海道 滝上町
45%
5 高知県 仁淀川町
45%
5 長野県 下條村
44%
5 福島県 鏡石町
42%
5 岡山県 里庄町
42%
5 岡山県 勝央町
42%
5 宮崎県 川南町
38%
5 福岡県 大刀洗町
38%
5 北海道 北竜町
38%
5 福岡県 築上町
36%
5 熊本県 玉東町
33%
No matching quizzes found
Score Distribution
Percent of People with Each Score
Percentile by Number Answered
Your Score History
You have not taken this quiz